LEADER 02348nam 2200565Ia 450 001 9910791586803321 005 20200520144314.0 010 $a1-282-71362-0 010 $a9786612713620 010 $a0-8108-7668-X 035 $a(CKB)2560000000016776 035 $a(EBL)616317 035 $a(OCoLC)664680920 035 $a(SSID)ssj0000419658 035 $a(PQKBManifestationID)12209746 035 $a(PQKBTitleCode)TC0000419658 035 $a(PQKBWorkID)10382177 035 $a(PQKB)10987224 035 $a(MiAaPQ)EBC616317 035 $a(Au-PeEL)EBL616317 035 $a(CaPaEBR)ebr10404855 035 $a(CaONFJC)MIL271362 035 $a(EXLCZ)992560000000016776 100 $a20100312d2010 uy 0 101 0 $aeng 135 $aur|n|---||||| 181 $ctxt 182 $cc 183 $acr 200 10$aHistorical dictionary of Jesus$b[electronic resource] /$fDaniel J. Harrington 210 $aLanham, Md. $cScarecrow Press$d2010 215 $a1 online resource (323 p.) 225 1 $aHistorical dictionaries of religions, philosophies, and movements ;$vno. 102 300 $aDescription based upon print version of record. 311 $a0-8108-7667-1 320 $aIncludes bibliographical references. 327 $aPreface; Abbreviations of Biblical Books; Introduction; The Dictionary; Bibliography; About the Author 330 $aThe book consists of three parts: an introduction to the major topics pertaining to Jesus as a historical figure; a cross-referenced dictionary containing 400 entries on a range of topics, including things Jesus did and said, ancient sources of historical data, and modern scholarship and interpretation; and a bibliography listing some of the most important books related to Jesus and the world in which he lived. This concise and objective reference work provides a clear and accurate introduction to the study of Jesus as a historical figure. 410 0$aHistorical dictionaries of religions, philosophies, and movements ;$vno. 102. 606 $aReligion$vDictionaries 615 0$aReligion 676 $a232.03 700 $aHarrington$b Daniel J$0301382 801 0$bMiAaPQ 801 1$bMiAaPQ 801 2$bMiAaPQ 906 $aBOOK 912 $a9910791586803321 996 $aHistorical dictionary of Jesus$93846401 997 $aUNINA LEADER 04023nim 2200505Ka 450 001 9910136238203321 005 20240912110542.6 010 $a0-06-265206-0 035 $a(CKB)3710000000915803 035 $a(BIP)055641652 035 $a(ODN)ODN0002717418 035 $a(EXLCZ)993710000000915803 100 $a20161026d2016 uy 0 101 0 $aeng 135 $auruna---||||| 181 $cspw$2rdacontent 182 $cs$2rdamedia 182 $cc$2rdamedia 183 $acr$2rdacarrier 200 10$aAll the gallant men $eAn american sailor's firsthand account of pearl harbor. /$fDonald Stratton 205 $aUnabridged. 210 $cHarperCollins 215 $a1 online resource (6 audio files) $cdigital 330 $aThe New York Times bestselling memoir of survival and heroism at Pearl Harbor "An unforgettable story of unfathomable courage." ? Reader's Digest In this, the first memoir by a USS Arizona sailor, Donald Stratton delivers an inspiring and unforgettable eyewitness account of the Pearl Harbor attack and his remarkable return to the fight. At 8:06 a.m. on December 7, 1941, Seaman First Class Donald Stratton was consumed by an inferno. A million pounds of explosives had detonated beneath his battle station aboard the USS Arizona, barely fifteen minutes into Japan's surprise attack on American forces at Pearl Harbor. Near death and burned across two thirds of his body, Don, a nineteen-year-old Nebraskan who had been steeled by the Great Depression and Dust Bowl, summoned the will to haul himself hand over hand across a rope tethered to a neighboring vessel. Forty-five feet below, the harbor's flaming, oil-slick water boiled with enemy bullets; all around him the world tore itself apart. In this extraordinary never-before-told eyewitness account of the Pearl Harbor attack?the only memoir ever written by a survivor of the USS Arizona?ninety-four-year-old veteran Donald Stratton finally shares his unforgettable personal tale of bravery and survival on December 7, 1941, his harrowing recovery, and his inspiring determination to return to the fight. Don and four other sailors made it safely across the same line that morning, a small miracle on a day that claimed the lives of 1,177 of their Arizona shipmates?approximately half the American fatalaties at Pearl Harbor. Sent to military hospitals for a year, Don refused doctors' advice to amputate his limbs and battled to relearn how to walk. The U.S. Navy gave him a medical discharge, believing he would never again be fit for service, but Don had unfinished business. In June 1944, he sailed back into the teeth of the Pacific War on a destroyer, destined for combat in the crucial battles of Leyte Gulf, Luzon, and Okinawa, thus earning the distinction of having been present for the opening shots and the final major battle of America's Second World War. As the seventy-fifth anniversary of the Pearl Harbor attack approaches, Don, a great-grandfather of five and one of five living survivors of the Arizona, offers an unprecedentedly intimate reflection on the tragedy that drew America into the greatest armed conflict in history. All the Gallant Men is a book for the ages, one of the most remarkable?and remarkably inspiring?memoirs of any kind to appear in recent years 517 $aAll the Gallant Men 606 $aNonfiction$2OverDrive 606 $aBiography & Autobiography$2OverDrive 606 $aHistory$2OverDrive 606 $aMilitary$2OverDrive 610 $aHistory 610 $aBiography & Autobiography 610 $aBiography 615 17$aNonfiction. 615 7$aBiography & Autobiography. 615 7$aHistory. 615 7$aMilitary. 676 $a940.54/26693 B 686 $aBIO008000$aHIS027100$aHIS027150$2bisacsh 700 $aStratton$b Donald$01776043 702 $aGire$b Ken 702 $aOrtego$b Mike$4oth 906 $aAUDIO 912 $a9910136238203321 996 $aAll the gallant men$94291504 997 $aUNINA